000 00630nam a2200205Ii 4500
003 JO-AjNU
008 230605s9999||||xx |||||||||||||| ||und||
017 _a2002/7/1879
040 _aJO-AjNU
_bara
_erda
_cJO-AjNU
041 _aara
050 1 4 _aPJ7862 2002
100 3 _aتأليف الشرايري،ماجدة,
_eauthor
_98227
245 0 0 _aجناح فراشة
264 3 1 _aعمان:المؤلفة،2002
300 _a60ص
336 _atext
_btxt
_2rdacontent
337 _aunmediated
_bn
_2rdamedia
338 _avolume
_bnc
_2rdacarrier
650 4 _aالشعر العربي - العصر الحديث - الأردن
_98228
999 _aA681
_c4249
_d4249